[Event "URS-ch58"]
[Site "Moscow"]
[Date "1991.??.??"]
[Round "4"]
[White "Vyzmanavin, Alexey"]
[Black "Kuzmin, Alexey"]
[Result "1/2-1/2"]
[WhiteElo "2590"]
[BlackElo "2520"]

1.d4 Nf6 2.c4 g6 3.Nc3 Bg7 4.e4 d6 5.Nf3 O-O 6.Be2 e5 7.dxe5 dxe5 8.Qxd8 Rxd8
9.Bg5 Re8 10.Nd5 Nxd5 11.cxd5 c6 12.Bc4 cxd5 13.Bxd5 Nc6 14.Ke2  1/2-1/2

[Event "URS-ch58"]
[Site "Moscow"]
[Date "1991.??.??"]
[Round "5"]
[White "Bologan, Viktor"]
[Black "Epishin, Vladimir"]
[Result "1/2-1/2"]
[WhiteElo "2535"]
[BlackElo "2615"]

1.e4 c6 2.c4 d5 3.cxd5 cxd5 4.exd5 Nf6 5.Bb5+ Nbd7 6.Nc3 a6 7.Qa4 g6 8.Nf3 Bg7
9.O-O O-O 10.Bxd7 Nxd7 11.Qh4 h6 12.d4 g5 13.Qg3 Nf6 14.Ne5 Nxd5 15.h4 f6
16.Ng6 Re8 17.f4 Nxc3 18.bxc3 Qc7 19.Ba3 Bf5 20.Nxe7+ Rxe7 21.Bxe7 gxh4 22.Qe3 Re8
23.Rae1 Bf8 24.Qf3 Rxe7 25.Qd5+ Rf7 26.Qxf5 Qxc3 27.Qe4 f5 28.Qe3 Qxe3+ 29.Rxe3 Rd7
30.Rd3 Rd5 31.Rb1 b5 32.Kf2 Kf7 33.Rc1 Bd6 34.Ke3 a5 35.Rc6 b4 36.Ra6 Ke7
37.Rd1 h5 38.Kd3 Bxf4 39.Kc4 Rd8 40.Rxa5 Kf6 41.d5 Bd6 42.Ra6 h3 43.gxh3 f4
44.Kd4 Kf5 45.Ra7 Rf8 46.Rd7 Be5+ 47.Kc5 f3 48.d6 f2 49.Kd5 Rf6 50.Rf1 Bg3
51.Rd8 Kf4 52.d7 Kf3 53.Kc5 Rf7 54.Kc6 Rf6+ 55.Kb7 Rd6 56.Rf8+ Kg2 57.R1xf2+ Bxf2
58.d8=Q Rxd8 59.Rxd8 Kxh3 60.Kc6 h4 61.Kb5 Kg2 62.Kxb4  1/2-1/2

[Event "URS-ch58"]
[Site "Moscow"]
[Date "1991.??.??"]
[Round "7"]
[White "Dokhoian, Yury"]
[Black "Malaniuk, Vladimir P"]
[Result "1/2-1/2"]
[WhiteElo "2545"]
[BlackElo "2510"]

1.d4 f5 2.Nf3 Nf6 3.Bg5 e6 4.Nbd2 Be7 5.Bxf6 Bxf6 6.e4 d6 7.Bd3 Nc6 8.c3 f4
9.Bb5 Bd7 10.e5 dxe5 11.dxe5 Be7 12.Bd3 Bc5 13.Qc2 Qe7 14.Bxh7 O-O-O 15.Bg6 a6
16.Rf1 Ba7 17.O-O-O Kb8 18.Nb3 Bc8 19.Kb1 Rxd1+ 20.Rxd1 Nd8 21.Nc1 Nf7 22.Qe4 Ng5
23.Qxf4 Nxf3 24.Qxf3 Rf8 25.Qg4 Bxf2 26.Nd3 Bb6 27.g3 c5 28.Nf4 Rd8 29.h4 c4
30.Bc2 Rxd1+ 31.Qxd1 Qc5 32.Ng6 Bc7 33.Qe1 Bd7 34.g4 Be8 35.g5  1/2-1/2

[Event "URS-ch58"]
[Site "Moscow"]
[Date "1991.??.??"]
[Round "8"]
[White "Neverov, Valeriy"]
[Black "Lerner, Konstantin Z"]
[Result "1/2-1/2"]
[WhiteElo "2540"]
[BlackElo "2540"]

1.d4 Nf6 2.c4 e6 3.Nf3 b6 4.g3 Ba6 5.b3 Bb4+ 6.Bd2 Be7 7.Bg2 c6 8.Bc3 d5
9.Nbd2 Nbd7 10.O-O O-O 11.Re1 c5 12.e4 dxc4 13.Nxc4 Bb7 14.Qc2 Rc8 15.Rad1 b5
16.Na5 Bxe4 17.Rxe4 b4 18.dxc5 Nxe4 19.Bxb4 Nexc5 20.Nd4 Na6 21.Bxe7 Qxe7
22.Ndc6 Qe8 23.Qd2 Ndb8 24.Qd6 Kh8 25.b4 Nxc6 26.Bxc6 Qd8 27.Bd7 Rc7 28.Nc6 Rxc6
29.Qxc6 Nxb4 30.Qc5 a5 31.Ba4 Qa8 32.a3 Nd5 33.Bc6 Rc8 34.Bxd5 exd5 35.Qxd5 Kg8
36.Kg2 Kf8 37.a4 Ke7 38.Qxa8 Rxa8 39.Rd5 Ke6 40.Rb5  1/2-1/2

[Event "URS-ch58"]
[Site "Moscow"]
[Date "1991.??.??"]
[Round "9"]
[White "Lputian, Smbat G"]
[Black "Kuzmin, Alexey"]
[Result "1/2-1/2"]
[WhiteElo "2570"]
[BlackElo "2520"]

1.d4 Nf6 2.c4 g6 3.Nc3 Bg7 4.e4 d6 5.Nf3 O-O 6.Be2 e5 7.O-O Nc6 8.d5 Ne7
9.Nd2 a5 10.a3 Nd7 11.Rb1 f5 12.b4 Kh8 13.Qc2 axb4 14.axb4 Bh6 15.c5 Nf6
16.f3 fxe4 17.fxe4 Be3+ 18.Kh1 Ng4 19.Bxg4 Bxg4 20.Bb2 Bxd2 21.Qxd2 Ng8 22.Rxf8 Qxf8
23.Nb5 Qe7 24.Nxc7 Qxc7 25.cxd6 Qxd6 26.Qg5 Re8 27.Qxg4 Nf6 28.Qf3 Kg8 29.Bc1 Kg7
30.Be3 Nd7 31.Qh3 h5 32.Qf3 Rf8 33.Qe2 Rf7 34.h3 Nf6 35.Bc5 Qc7 36.Rc1 Kh7
37.b5 Qa5 38.Bd6 Nd7 39.Rf1 Rxf1+ 40.Qxf1 Kg7 41.Kh2 Qd2 42.Qf3 Qd4 43.Be7 Qc4
44.b6 Qd4 45.Bd8 Kg8 46.h4 Qb4 47.Qe3 Qf8 48.Qg5 Kg7 49.Be7 Qf2 50.Bd8 Qf8
51.Kg1 Qc5+ 52.Kh1 Qf2 53.Bc7 Qe1+ 54.Kh2 Qxe4 55.Qe7+ Kh6 56.Qxd7 Qf4+  1/2-1/2

[Event "URS-ch58"]
[Site "Moscow"]
[Date "1991.??.??"]
[Round "10"]
[White "Kiselev, Sergey"]
[Black "Kuzmin, Alexey"]
[Result "1-0"]
[WhiteElo "2510"]
[BlackElo "2520"]

1.d4 Nf6 2.c4 g6 3.Nc3 Bg7 4.e4 d6 5.Bd3 O-O 6.Nge2 Nc6 7.O-O Nd7 8.Be3 e5
9.d5 Nd4 10.Nb5 Nxe2+ 11.Bxe2 a5 12.Qd2 Nc5 13.Nc3 b6 14.f3 f5 15.exf5 Bxf5
16.Rac1 Rf7 17.Nd1 Qe7 18.Nf2 Rff8 19.Rfe1 Rfe8 20.Bd1 Rf8 21.Bc2 Qf7 22.Rb1 h5
23.Rbc1 Kh7 24.Bd1 Bd7 25.b3 Kh8 26.Rf1 Bf6 27.g3 Bg7 28.Kg2 c6 29.Be2 cxd5
30.cxd5 Bf5 31.Rc4 Qe7 32.Re1 Rfe8 33.Kg1 Rac8 34.Bxc5 Rxc5 35.Rxc5 dxc5
36.Bd3 Rd8 37.Be4 Qd7 38.Rd1 Kh7 39.a4 Bh6 40.Qd3  1-0